[Event "45th Rilton Cup 2015-16"]
[Site "Stockholm SWE"]
[Date "2015.12.30"]
[Round "4.46"]
[White "Thompson, Ian D"]
[Black "Berglind, Axel"]
[Result "1-0"]
[WhiteTitle "FM"]
[WhiteElo "2187"]
[BlackElo "2023"]
[WhiteFideId "405205"]
[BlackFideId "1720228"]
[EventDate "2015.12.27"]

1. c4 Nf6 2. Nc3 e6 3. e4 d5 4. e5 Nfd7 5. cxd5 exd5 6. d4 Nb6 7. f4 c5 8. Nf3
Bg4 9. Bb5+ Nc6 10. O-O a6 11. Bxc6+ bxc6 12. b3 cxd4 13. Qxd4 Be7 14. Bb2 h5
15. Rae1 Rh6 16. Qf2 Rg6 17. f5 Bxf5 18. Nd4 Bc5 19. Na4 Nxa4 20. Qxf5 Qg5 21.
Qxf7+ Kd8 22. Rf2 Nxb2 23. e6 Be7 24. Nxc6+ Kc7 25. Nxe7 1-0

[Event "45th Rilton Cup 2015-16"]
[Site "Stockholm SWE"]
[Date "2016.01.01"]
[Round "5.2"]
[White "Ivanov, Sergey"]
[Black "Krasenkow, Michal"]
[Result "0-1"]
[WhiteTitle "GM"]
[BlackTitle "GM"]
[WhiteElo "2556"]
[BlackElo "2610"]
[WhiteFideId "4101375"]
[BlackFideId "1113100"]
[EventDate "2015.12.27"]

1. d4 d5 2. c4 e6 3. Nc3 c6 4. e3 Bd6 5. Bd3 f5 6. Qc2 Nf6 7. Nge2 Ne4 8. g3 O-O
9. f3 Nxc3 10. bxc3 e5 11. dxe5 Bxe5 12. O-O Na6 13. Ba3 Rf7 14. cxd5 Qa5 15. f4
Bf6 16. Qb3 cxd5 17. Nd4 Nc5 18. Bxc5 Qxc5 19. Rad1 g6 20. Rfe1 b6 21. Bf1 Bb7
22. Bg2 Re8 23. Qb4 Rc7 24. Qxc5 bxc5 25. Nb5 Rd7 26. c4 a6 27. Na3 d4 28. Bxb7
Rxb7 29. exd4 Rxe1+ 30. Rxe1 cxd4 31. Rb1 Re7 32. Kf1 d3 33. Rd1 Re3 34. c5 Be7
35. Nc4 Re4 36. Ne5 Bxc5 37. Rxd3 Rd4 38. Rxd4 Bxd4 39. Ke2 Bxe5 40. fxe5 Kf7
41. Ke3 g5 42. h3 Ke6 43. Kd4 a5 44. g4 f4 45. Ke4 f3 46. Kxf3 Kxe5 47. Ke3 a4
48. a3 h6 49. Ke2 Ke4 50. Kf2 Kd3 51. Kf3 Kc3 52. Ke4 Kb3 0-1

[Event "45th Rilton Cup 2015-16"]
[Site "Stockholm SWE"]
[Date "2016.01.01"]
[Round "5.3"]
[White "Alekseev, Evgeny"]
[Black "Poetsch, Hagen"]
[Result "1-0"]
[WhiteTitle "GM"]
[BlackTitle "IM"]
[WhiteElo "2642"]
[BlackElo "2509"]
[WhiteFideId "4138147"]
[BlackFideId "24615137"]
[EventDate "2015.12.27"]

1. Nf3 d5 2. e3 Nf6 3. c4 e6 4. b3 c5 5. Bb2 Nc6 6. cxd5 exd5 7. Bb5 Bd6 8. d4
O-O 9. dxc5 Bxc5 10. O-O Bg4 11. Nc3 a6 12. Bxc6 bxc6 13. Rc1 Qd6 14. Ne2 Bxf3
15. gxf3 Ba3 16. Bxa3 Qxa3 17. Rxc6 Qxa2 18. Nd4 Rac8 19. Qa1 Qxa1 20. Rxa1 Rb8
21. Raxa6 Rfd8 22. Ra4 Rb7 23. b4 Kf8 24. b5 Ne8 25. Kg2 Nd6 26. Rc5 Nc4 27. Ra6
g6 28. Nc6 Rdd7 29. Ra8+ Kg7 30. Rd8 Rxd8 31. Nxd8 Rd7 32. Nc6 Kf6 33. Kg3 Ke6
34. Nd4+ Ke5 35. Rc8 Rb7 36. Re8+ Kd6 37. Kf4 Kd7 38. Rh8 h5 39. Ra8 Nd6 40. Ra5
Ke7 41. Kg5 Nc4 42. Ra6 Nd6 43. b6 Ke8 44. Kf6 Nc8 45. Ra8 Rxb6+ 46. Kg7 Kd7 47.
Kxf7 g5 48. Ra2 g4 49. f4 h4 50. f5 Nd6+ 51. Kf6 Nc4+ 52. Kg5 g3 53. fxg3 hxg3
54. hxg3 Nxe3 55. Ra7+ Kd6 56. f6 Rb2 57. f7 Rf2 58. g4 1-0

[Event "45th Rilton Cup 2015-16"]
[Site "Stockholm SWE"]
[Date "2016.01.01"]
[Round "5.4"]
[White "Andersen, Mads"]
[Black "Donchenko, Alexander"]
[Result "0-1"]
[WhiteTitle "IM"]
[BlackTitle "GM"]
[WhiteElo "2474"]
[BlackElo "2588"]
[WhiteFideId "1413864"]
[BlackFideId "24603295"]
[EventDate "2015.12.27"]

1. d4 Nf6 2. c4 e6 3. Nf3 c5 4. d5 d6 5. Nc3 exd5 6. cxd5 g6 7. e4 Bg7 8. Be2
O-O 9. O-O Bg4 10. Bf4 Nh5 11. Bg5 Bf6 12. Be3 Nd7 13. Nd2 Bxe2 14. Qxe2 a6 15.
a4 Qe7 16. Rfe1 Rae8 17. Ra3 Bd4 18. Nd1 f5 19. Rb3 Ne5 20. Qf1 Qd7 21. a5 Re7
22. Bxd4 cxd4 23. Rb4 Qd8 24. Rxd4 Qxa5 25. exf5 Rxf5 26. Ne4 Qb6 27. Rd2 Nf6
28. Nxf6+ Rxf6 29. Ne3 Ref7 30. Rc2 Qd4 31. Rd1 Qe4 32. h3 Kg7 33. Re2 Qh4 34.
Nc2 Rf4 35. Qe1 Qg5 36. Kf1 Qg3 37. Nd4 Qh2 38. Ne6+ Kh6 39. Rxe5 Rxf2+ 40. Qxf2
Qh1+ 41. Ke2 Rxf2+ 42. Kxf2 Qxd1 43. Re4 Qc2+ 44. Ke3 g5 45. Rg4 Qxb2 0-1

[Event "45th Rilton Cup 2015-16"]
[Site "Stockholm SWE"]
[Date "2016.01.01"]
[Round "5.5"]
[White "Socko, Bartosz"]
[Black "Johansson, Linus"]
[Result "1/2-1/2"]
[WhiteTitle "GM"]
[BlackTitle "IM"]
[WhiteElo "2587"]
[BlackElo "2423"]
[WhiteFideId "1107038"]
[BlackFideId "1711113"]
[EventDate "2015.12.27"]

1. d4 Nf6 2. c4 e6 3. Nf3 c5 4. d5 d6 5. Nc3 exd5 6. cxd5 g6 7. Bf4 a6 8. a4 Bg7
9. h3 O-O 10. e3 Qe7 11. Be2 Nbd7 12. O-O b6 13. Nd2 Rb8 14. Nc4 Ne8 15. Qd2 Ne5
16. Na3 Nc7 17. Bh2 f5 18. Rab1 Bd7 19. b4 b5 20. axb5 axb5 21. Nc2 c4 22. Rbd1
Ra8 23. Ra1 Rfc8 24. Rfd1 Qf8 25. Nd4 Rxa1 26. Rxa1 Ra8 27. Rc1 Qb8 28. Nc6 Qe8
29. Nxe5 Bxe5 30. Bxe5 Qxe5 31. f4 Qe7 32. Bf3 Ne8 33. Re1 Nf6 34. Qb2 Be8 35.
Kf2 Qa7 36. Ne2 Qg7 37. Nc3 Qa7 38. Ne2 Qg7 39. Nc3 Qa7 1/2-1/2

[Event "45th Rilton Cup 2015-16"]
[Site "Stockholm SWE"]
[Date "2016.01.01"]
[Round "5.6"]
[White "Salomon, Johan"]
[Black "Cramling, Pia"]
[Result "1/2-1/2"]
[WhiteTitle "IM"]
[BlackTitle "GM"]
[WhiteElo "2438"]
[BlackElo "2523"]
[WhiteFideId "1509500"]
[BlackFideId "1700030"]
[EventDate "2015.12.27"]

1. d4 Nf6 2. Bg5 d5 3. Nd2 c5 4. dxc5 Qa5 5. Bxf6 gxf6 6. g3 e5 7. c3 Qxc5 8.
Nb3 Qc4 9. Bg2 Be6 10. Nf3 Nc6 11. O-O Rd8 12. Re1 Be7 13. Qc1 Qg4 14. Qe3 Qe4
15. Qc1 Qg4 16. Qe3 Qe4 17. Qc1 1/2-1/2

[Event "45th Rilton Cup 2015-16"]
[Site "Stockholm SWE"]
[Date "2016.01.01"]
[Round "5.7"]
[White "Semcesen, Daniel"]
[Black "Hillarp Persson, Tiger"]
[Result "0-1"]
[WhiteTitle "GM"]
[BlackTitle "GM"]
[WhiteElo "2431"]
[BlackElo "2521"]
[WhiteFideId "1706993"]
[BlackFideId "1700812"]
[EventDate "2015.12.27"]

1. d4 Nf6 2. c4 e6 3. Nc3 c5 4. d5 exd5 5. cxd5 d6 6. e4 g6 7. f3 Bg7 8. Bg5 O-O
9. Qd2 a6 10. a4 Qa5 11. Ra3 Re8 12. Be2 h5 13. h4 Qc7 14. Nh3 Bxh3 15. Rxh3
Nbd7 16. g3 c4 17. Kf1 Nc5 18. Kg2 Rab8 19. Be3 b5 20. axb5 axb5 21. Nd1 b4 22.
Ra2 b3 23. Ra1 Nfxe4 24. fxe4 Nxe4 25. Qc1 c3 26. Ra7 Rb7 27. Rxb7 Qxb7 28. bxc3
Nxc3 29. Nxc3 b2 30. Qg1 Bxc3 31. Rh1 Bd2 0-1

[Event "45th Rilton Cup 2015-16"]
[Site "Stockholm SWE"]
[Date "2016.01.01"]
[Round "5.8"]
[White "Tikkanen, Hans"]
[Black "Schekachikhin, Maksim"]
[Result "1/2-1/2"]
[WhiteTitle "GM"]
[BlackTitle "FM"]
[WhiteElo "2515"]
[BlackElo "2321"]
[WhiteFideId "1706446"]
[BlackFideId "24177830"]
[EventDate "2015.12.27"]

1. e4 c5 2. Nf3 e6 3. d4 cxd4 4. Nxd4 Nc6 5. Nb5 d6 6. c4 Nf6 7. N1c3 a6 8. Na3
b6 9. Be2 Bb7 10. Be3 Be7 11. O-O Ne5 12. f3 Qc7 13. Rc1 O-O 14. Qd2 Rac8 15.
Rfd1 Rfe8 16. Na4 Nfd7 17. b3 Ng6 18. b4 h5 19. Bf1 Qb8 20. Nxb6 Nxb6 21. Bxb6
Bxe4 22. c5 dxc5 23. Bxc5 Bb7 24. Bxe7 Rxc1 25. Qxc1 Nxe7 26. Qc5 Nd5 27. Nc4
Rc8 28. Qd4 Bc6 29. a3 Bb5 30. Ne3 Nc3 31. Re1 Bxf1 32. Nxf1 Nb5 33. Qb2 Qb6+
34. Kh1 h4 35. h3 Qd6 36. a4 Nd4 37. Ne3 e5 38. Rb1 Qh6 39. Re1 Qc6 40. f4 Qe4
41. Qf2 exf4 42. Nc4 Qc2 43. Qxd4 Qxc4 44. Qd7 Rb8 45. Qd6 Rc8 46. Qd7 Rb8 47.
Qd6 Rc8 48. Qd7 1/2-1/2

[Event "45th Rilton Cup 2015-16"]
[Site "Stockholm SWE"]
[Date "2016.01.01"]
[Round "5.9"]
[White "Lindgren, Philip"]
[Black "Blomqvist, Erik"]
[Result "0-1"]
[WhiteTitle "FM"]
[BlackTitle "GM"]
[WhiteElo "2418"]
[BlackElo "2493"]
[WhiteFideId "1713230"]
[BlackFideId "1709437"]
[EventDate "2015.12.27"]

1. d4 Nf6 2. c4 e6 3. Nf3 b6 4. g3 c6 5. Bg2 d5 6. Qc2 Be7 7. O-O O-O 8. Nbd2
Bb7 9. Rd1 Na6 10. a3 c5 11. b3 dxc4 12. Nxc4 Be4 13. Qd2 b5 14. Ne3 Qb6 15. Bb2
Rfd8 16. Qe1 Rac8 17. Bc3 Qb7 18. a4 b4 19. Bb2 cxd4 20. Rxd4 Rxd4 21. Nxd4 Bxg2
22. Nxg2 Ne4 23. Ne3 Bf6 24. Ng4 Bxd4 25. Bxd4 f6 26. Ne3 e5 27. Bb2 Nac5 28.
Rc1 Rd8 29. Rc4 Ng5 30. h4 Nd3 31. Qd2 Nh3+ 32. Kh2 Nhxf2 33. Ng2 Ne4 34. Qd1
Nef2 35. Qd2 Ne4 36. Qd1 Nef2 37. Qd2 Qd7 38. exd3 Qh3+ 39. Kg1 Ng4 40. Rxg4
Qxg4 41. Kh2 a5 42. Ne1 Qe6 43. Qd1 h6 44. Kg2 Qc6+ 45. Kh2 Rc8 46. Qg4 Rc7 47.
Qd1 Qd5 48. Kg1 Rd7 49. Qg4 Rc7 50. Qd1 Rc6 51. Kh2 Rd6 52. Kg1 f5 53. Qh5 Qe6
54. Qe2 e4 55. dxe4 Qxe4 56. Qxe4 fxe4 57. Be5 Rd2 58. Bc7 Rb2 59. Bxa5 Rxb3 60.
Kf2 Rb1 61. Ke2 b3 62. Bc3 b2 63. Kd2 Rd1+ 64. Kxd1 b1=Q+ 65. Ke2 Qa2+ 66. Ke3
Qxa4 0-1

[Event "45th Rilton Cup 2015-16"]
[Site "Stockholm SWE"]
[Date "2016.01.01"]
[Round "5.10"]
[White "Goganov, Aleksey"]
[Black "Mikalsen, Erlend"]
[Result "1-0"]
[WhiteTitle "GM"]
[BlackTitle "FM"]
[WhiteElo "2597"]
[BlackElo "2313"]
[WhiteFideId "24109959"]
[BlackFideId "1507338"]
[EventDate "2015.12.27"]

1. c4 e5 2. Nc3 Nf6 3. Nf3 Nc6 4. g3 d5 5. cxd5 Nxd5 6. Bg2 Nb6 7. O-O Be7 8. a3
O-O 9. b4 Be6 10. Rb1 a6 11. d3 Nd5 12. Nxd5 Bxd5 13. Bb2 f6 14. Rc1 Qd7 15. e4
Be6 16. d4 exd4 17. Nxd4 Nxd4 18. Qxd4 Rad8 19. Qxd7 Rxd7 20. e5 c6 21. exf6
Bxf6 22. Bxf6 Rxf6 23. Rfd1 Kf8 24. f4 Ke7 25. Re1 Kf7 26. Rcd1 Rxd1 27. Rxd1
Ke7 28. Rd4 Bf5 29. Kf2 Rd6 30. Ke3 Re6+ 31. Kf3 Re1 32. g4 Be6 33. f5 Bf7 34.
Kf4 Ra1 35. Rd3 Ra2 36. Kg3 g5 37. fxg6 hxg6 38. h4 Rc2 39. Be4 Rc4 40. Re3 Kf6
41. Bf3 Bd5 42. g5+ Kf7 43. h5 gxh5 44. Bxh5+ Kf8 45. Re8+ Kg7 46. Re7+ Kf8 47.
Rxb7 Rc3+ 48. Kf4 Rxa3 49. Kf5 Ra1 50. Kg6 Rh1 51. Ra7 Rh4 52. Kh6 Re4 53. g6
Re6 54. Bg4 Rf6 55. Kg5 Rd6 56. Bf5 Bc4 57. Kh6 Rf6 58. Kg5 Rd6 59. Kh6 Rf6 60.
Be4 Re6 61. Rf7+ Ke8 62. Rf4 Ke7 63. Bf5 Rf6 64. Rxc4 Rxf5 65. Rxc6 Rf4 66. Rxa6
Rh4+ 67. Kg7 Rxb4 68. Rf6 Rh4 69. Rf1 Rh2 70. Re1+ Kd7 71. Kf7 Rf2+ 72. Kg8 Rg2
73. g7 Rg3 74. Rh1 Ke7 75. Kh7 Kf7 76. g8=Q+ Rxg8 77. Rf1+ Ke6 78. Kxg8 1-0

[Event "45th Rilton Cup 2015-16"]
[Site "Stockholm SWE"]
[Date "2016.01.01"]
[Round "5.12"]
[White "Sagit, Rauan"]
[Black "Tari, Aryan"]
[Result "1-0"]
[WhiteTitle "FM"]
[BlackTitle "IM"]
[WhiteElo "2375"]
[BlackElo "2556"]
[WhiteFideId "1708376"]
[BlackFideId "1510045"]
[EventDate "2015.12.27"]

1. Nf3 d5 2. g3 g6 3. c4 dxc4 4. Na3 Bg7 5. Nxc4 Nc6 6. d3 e5 7. Bd2 Be6 8. Rc1
Nge7 9. Bg2 O-O 10. O-O a5 11. b3 f6 12. Qe1 b6 13. Rc2 Qd7 14. Qc1 Rac8 15. Re1
Bd5 16. Ne3 Bxf3 17. Bxf3 Nd4 18. Bb7 Nxc2 19. Bxc8 Rxc8 20. Qxc2 Qe6 21. Rc1 c5
22. Qc4 Kf7 23. Qxe6+ Kxe6 24. Nc4 Rb8 25. f4 Nc6 26. Kf2 f5 27. fxe5 Bxe5 28.
Bf4 Bxf4 29. gxf4 b5 30. Nd2 Kd5 31. a3 Nd4 32. e3 Nc6 33. h4 Ra8 34. Nb1 Rb8
35. Kf3 Kd6 36. Nd2 Ra8 37. a4 bxa4 38. Nc4+ Ke7 39. bxa4 Rb8 40. Ne5 Nxe5+ 41.
fxe5 Rb3 42. Rxc5 Rxd3 43. Rxa5 Rd1 44. Kf4 Rf1+ 45. Kg5 Ke6 46. Ra8 Rg1+ 47.
Kh6 Kxe5 48. a5 Ke4 49. a6 Ra1 50. a7 Kf3 51. Kxh7 Ra6 52. e4 f4 53. e5 Kg4 54.
Rf8 Rxa7+ 55. Kxg6 Re7 56. Kf6 Rh7 57. e6 Rxh4 58. e7 Rh6+ 59. Ke5 Rh1 60. Rxf4+ 1-0

[Event "45th Rilton Cup 2015-16"]
[Site "Stockholm SWE"]
[Date "2016.01.01"]
[Round "5.13"]
[White "Nyysti, Sampsa"]
[Black "Meskovs, Nikita"]
[Result "0-1"]
[WhiteTitle "IM"]
[BlackTitle "IM"]
[WhiteElo "2370"]
[BlackElo "2511"]
[WhiteFideId "502138"]
[BlackFideId "11602740"]
[EventDate "2015.12.27"]

1. e4 c5 2. Nf3 e6 3. d4 cxd4 4. Nxd4 Nc6 5. Nc3 Qc7 6. Be3 a6 7. Qf3 h5 8.
O-O-O Nf6 9. Nxc6 bxc6 10. Bc4 d6 11. Bg5 Be7 12. Qg3 h4 13. Qd3 Rh5 14. f4 Rxg5
15. fxg5 Ng4 16. g6 fxg6 17. Bb3 Nf2 18. Qf3 Nxh1 19. Rxh1 Bg5+ 20. Kb1 Qf7 21.
Qd3 Qf4 22. Ne2 Qe5 23. Nd4 Bf6 24. c3 Bd7 25. Nf3 Qc5 26. e5 dxe5 27. Qxg6+ Ke7
28. Nxh4 Qf2 29. Nf3 a5 30. Rd1 a4 31. Rxd7+ Kxd7 32. Qf7+ Kd6 33. Qxe6+ Kc7 34.
Qf7+ Kb6 35. Bxa4 Qf1+ 36. Kc2 Qxg2+ 37. Nd2 Rd8 0-1

[Event "45th Rilton Cup 2015-16"]
[Site "Stockholm SWE"]
[Date "2016.01.01"]
[Round "5.14"]
[White "Cukrowski, Filip"]
[Black "Westerberg, Jonathan"]
[Result "1/2-1/2"]
[BlackTitle "IM"]
[WhiteElo "2320"]
[BlackElo "2497"]
[WhiteFideId "1171097"]
[BlackFideId "1701754"]
[EventDate "2015.12.27"]

1. e4 c5 2. Nf3 Nc6 3. d4 cxd4 4. Nxd4 Nf6 5. Nc3 d6 6. Bg5 g6 7. Bc4 Bg7 8.
Nxc6 bxc6 9. Qd2 O-O 10. O-O Nxe4 11. Nxe4 d5 12. Bb3 dxe4 13. Qb4 Re8 14. Qxe4
Bxb2 15. Qxc6 Bf5 16. Rae1 Qd6 17. Bxf7+ Kxf7 18. Rxe7+ Qxe7 19. Bxe7 Rac8 20.
Qd5+ Be6 21. Qf3+ Kg8 22. Qb7 Bg7 23. Qxa7 Rxc2 24. Qa4 Rec8 25. h3 Bxa2 26. Rd1
Bf7 27. Rd8+ Rxd8 28. Qxc2 Ra8 29. Qc5 h5 30. Qd6 Ra1+ 31. Kh2 Re1 32. Bf6 Re6
33. Qd8+ Re8 34. Qd4 Bf8 35. g4 hxg4 36. hxg4 Rc8 37. g5 Rc4 38. Qd8 Re4 39. Kg3
Re8 40. Qd4 Re6 41. f4 Rd6 42. Qe4 Re6 43. Qc2 Bg7 44. Qc3 Bf8 45. Qc1 Bg7 46.
Qa1 Bf8 47. Qa7 Bg7 48. Qb8+ Re8 49. Qc7 Re6 50. Kg4 Bf8 51. Be5 Bg7 52. Bf6 Bf8
53. Be5 Bg7 1/2-1/2

[Event "45th Rilton Cup 2015-16"]
[Site "Stockholm SWE"]
[Date "2016.01.01"]
[Round "5.15"]
[White "Arman, Deniz"]
[Black "Miezis, Normunds"]
[Result "1-0"]
[WhiteTitle "FM"]
[BlackTitle "GM"]
[WhiteElo "2332"]
[BlackElo "2493"]
[WhiteFideId "6302106"]
[BlackFideId "11600136"]
[EventDate "2015.12.27"]

1. e4 c5 2. Nf3 e6 3. d4 cxd4 4. Nxd4 a6 5. c4 Nf6 6. Nc3 Qc7 7. a3 Nc6 8. Be3
Nxd4 9. Bxd4 Bd6 10. Qe2 Be5 11. Bxe5 Qxe5 12. g3 g5 13. Bg2 h5 14. Rf1 g4 15.
O-O-O Rh7 16. c5 b6 17. f4 gxf3 18. Qxf3 Ng4 19. h3 Qg5+ 20. Kb1 Ne5 21. Qf2 Bb7
22. cxb6 Rc8 23. Qd4 f6 24. Na4 Rc4 25. Qd6 Rxa4 26. Qb8+ Ke7 27. Qxb7 Rc4 28.
Qb8 Rc6 29. b7 Qxg3 30. Rxd7+ Kxd7 31. Rd1+ Ke7 32. Qd8+ Kf7 33. b8=Q 1-0

[Event "45th Rilton Cup 2015-16"]
[Site "Stockholm SWE"]
[Date "2016.01.01"]
[Round "5.16"]
[White "Hejazipour, Mitra"]
[Black "Zumsande, Martin"]
[Result "0-1"]
[WhiteTitle "WGM"]
[BlackTitle "IM"]
[WhiteElo "2357"]
[BlackElo "2442"]
[WhiteFideId "12505951"]
[BlackFideId "4651324"]
[EventDate "2015.12.27"]

1. d4 d5 2. c4 e6 3. Nc3 Be7 4. Nf3 Nf6 5. Bf4 O-O 6. e3 c5 7. dxc5 Bxc5 8. Qc2
Nc6 9. a3 Qa5 10. Rd1 Re8 11. Bg3 Ne4 12. cxd5 exd5 13. Rxd5 Nxc3 14. bxc3 Be6
15. Rd1 Qxa3 16. Ng5 Bf5 17. Bd3 Bxe3 18. Bxf5 Bxg5+ 19. Kf1 g6 20. Bd7 Re7 21.
h4 Bf6 22. Rh3 Rd8 23. Bxc6 Qa6+ 24. Kg1 Rxd1+ 25. Qxd1 Qxc6 26. c4 Qxc4 27.
Qd8+ Kg7 28. Kh2 Re1 29. Qb8 h5 30. Qxb7 Qc1 31. Bd6 Rh1+ 32. Kg3 Qc3+ 33. Qf3
Be5+ 0-1

[Event "45th Rilton Cup 2015-16"]
[Site "Stockholm SWE"]
[Date "2016.01.01"]
[Round "5.17"]
[White "Kolosowski, Mateusz"]
[Black "Wallace, John Paul"]
[Result "1-0"]
[WhiteTitle "IM"]
[BlackTitle "IM"]
[WhiteElo "2423"]
[BlackElo "2383"]
[WhiteFideId "1129708"]
[BlackFideId "3200957"]
[EventDate "2015.12.27"]

1. d4 Nf6 2. c4 e6 3. Nc3 Bb4 4. e3 O-O 5. Ne2 Re8 6. a3 Bf8 7. d5 d6 8. g3 exd5
9. cxd5 c5 10. dxc6 bxc6 11. Bg2 d5 12. O-O Nbd7 13. Nd4 Ne5 14. f4 Nc4 15. Nxc6
Qb6 16. Nxd5 Nxd5 17. Qxd5 Ba6 18. Re1 Bc5 19. Kh1 Bxe3 20. Ne5 Bf2 21. Qxf7+
Kh8 22. Rd1 Rad8 23. Rd7 Rg8 24. Bd2 Nxe5 25. fxe5 Rxd7 26. Qxd7 Rd8 27. Qf5
Qxb2 28. Rd1 Bc5 29. Be4 Kg8 30. Qxh7+ Kf7 31. e6+ Kf8 32. Qh8+ Ke7 33. Qxd8+
Kxd8 34. Bc3+ 1-0

[Event "45th Rilton Cup 2015-16"]
[Site "Stockholm SWE"]
[Date "2016.01.01"]
[Round "5.18"]
[White "Sarwer, Jeff"]
[Black "Akesson, Ralf"]
[Result "1/2-1/2"]
[WhiteTitle "FM"]
[BlackTitle "GM"]
[WhiteElo "2263"]
[BlackElo "2421"]
[WhiteFideId "2604213"]
[BlackFideId "1700120"]
[EventDate "2015.12.27"]

1. d4 Nf6 2. c4 g6 3. Nc3 d5 4. Nf3 Bg7 5. h4 c6 6. Bg5 h6 7. Bf4 Be6 8. cxd5
Nxd5 9. Be5 Nxc3 10. bxc3 Bxe5 11. Nxe5 Nd7 12. Nxd7 Qxd7 13. e4 f5 14. Bd3 O-O
15. h5 g5 16. exf5 Bxf5 17. O-O Kg7 18. Re1 Bg4 19. Be2 Be6 20. Qc2 Rf6 21. Qe4
Qd5 22. Bd3 Qxe4 23. Rxe4 Kf8 24. Rae1 Bf5 25. R4e3 Bxd3 26. Rxd3 Rd8 27. Rde3
Rd7 28. g3 Kf7 29. Kg2 e6 30. a4 Ke7 31. Re5 Rd6 32. a5 Kd7 33. f3 Rd5 34. Kf2
Rxe5 35. dxe5 Rf7 36. Rd1+ Ke7 37. Ke3 Rf8 38. f4 g4 39. Rb1 Rb8 40. Ke4 b5 41.
Kd4 c5+ 42. Kxc5 Rc8+ 43. Kb4 a6 44. Rd1 Rc4+ 45. Kb3 Ra4 46. Rd6 Rxa5 47. Kb2
Ra4 48. Rb6 Re4 49. Rb7+ Ke8 50. Rh7 Re3 51. Rxh6 Kd7 52. Rh7+ Kc6 53. Ra7 Rxg3
54. Rxa6+ Kd5 55. Rd6+ Ke4 56. Rxe6 Kxf4 57. Re8 Kf5 58. e6 Kf6 59. h6 Rh3 60.
Rg8 Kxe6 61. Rxg4 Kd5 62. Rg6 Kc4 63. Rc6+ Kd5 1/2-1/2

[Event "45th Rilton Cup 2015-16"]
[Site "Stockholm SWE"]
[Date "2016.01.01"]
[Round "5.19"]
[White "Ertan, Can"]
[Black "Krupenski, Juri"]
[Result "1-0"]
[WhiteTitle "FM"]
[BlackTitle "FM"]
[WhiteElo "2241"]
[BlackElo "2406"]
[WhiteFideId "6306330"]
[BlackFideId "4501101"]
[EventDate "2015.12.27"]

1. e4 c5 2. Nf3 d6 3. c3 Nf6 4. Qc2 Nc6 5. d4 d5 6. e5 Ne4 7. Bd3 cxd4 8. Nxd4
Nc5 9. Bb5 Qc7 10. O-O Bd7 11. Bxc6 bxc6 12. Be3 e6 13. Nf3 Ne4 14. Nbd2 Nxd2
15. Qxd2 c5 16. b4 a5 17. Rfc1 Bb5 18. bxc5 Bxc5 19. Rab1 Ba6 20. c4 Bxc4 21.
Rb7 Qxb7 22. Bxc5 h6 23. Nd4 Qc7 24. Bd6 Qb6 25. Qd1 a4 26. Rb1 Qa6 27. Qg4
O-O-O 28. Nxe6 f5 29. Qxf5 1-0

[Event "45th Rilton Cup 2015-16"]
[Site "Stockholm SWE"]
[Date "2016.01.01"]
[Round "5.20"]
[White "Rydstrom, Tom"]
[Black "Sjodahl, Pontus"]
[Result "0-1"]
[WhiteTitle "FM"]
[BlackTitle "IM"]
[WhiteElo "2266"]
[BlackElo "2404"]
[WhiteFideId "1714830"]
[BlackFideId "1700537"]
[EventDate "2015.12.27"]

1. e4 e6 2. d4 d5 3. Nc3 Bb4 4. e5 c5 5. a3 Bxc3+ 6. bxc3 Qa5 7. Bd2 Qa4 8. Qg4
Kf8 9. Qd1 b6 10. Nf3 Ne7 11. dxc5 bxc5 12. c4 Ba6 13. c3 Qxd1+ 14. Rxd1 Nd7 15.
Be3 Rc8 16. cxd5 Bxf1 17. Rxf1 Nxd5 18. Kd2 Ke7 19. c4 Nxe3 20. Kxe3 Rb8 21. Rd3
Rb2 22. Rfd1 Nb6 23. Nd2 Rc8 24. Rc1 Rc7 25. Rcc3 Rb7 26. h4 Nd7 27. f4 h5 28.
g3 f6 29. exf6+ gxf6 30. Ne4 f5 31. Nd6 Nf6 32. Nc8+ Kf7 33. Rd8 Kg6 34. Nd6
Ng4+ 35. Kd3 Nf2+ 36. Ke3 Nd1+ 37. Kd3 R7b6 38. Rc2 Nf2+ 39. Kd2 Rxd6+ 40. Rxd6
Ne4+ 41. Ke3 Nxd6 0-1

[Event "45th Rilton Cup 2015-16"]
[Site "Stockholm SWE"]
[Date "2016.01.01"]
[Round "5.21"]
[White "Hagen, Andreas Skytte"]
[Black "Haug, Johannes"]
[Result "1-0"]
[WhiteTitle "IM"]
[BlackTitle "FM"]
[WhiteElo "2395"]
[BlackElo "2247"]
[WhiteFideId "1407341"]
[BlackFideId "1509268"]
[EventDate "2015.12.27"]

1. d4 Nf6 2. c4 e6 3. Nf3 b6 4. g3 Bb7 5. Bg2 Be7 6. O-O O-O 7. Nc3 Ne4 8. Nxe4
Bxe4 9. Ne1 Bxg2 10. Nxg2 d6 11. b3 c5 12. Bb2 Bf6 13. Rb1 Nc6 14. d5 Bxb2 15.
Rxb2 exd5 16. Qxd5 Ne7 17. Qf3 Qc7 18. Ne3 Qc6 19. Nf5 Qd7 20. Nxe7+ Qxe7 21.
Rd2 Rad8 22. Rfd1 Rd7 23. Rd3 Rfd8 24. Re3 Qg5 25. Rd5 Qg6 26. Red3 h6 27. Kg2
Re8 28. Kf1 Re6 29. e3 Rf6 30. Qg2 Re6 31. Kg1 Kh7 32. Rd1 Qf6 33. R5d2 g6 34.
Qc6 Qe7 35. Qd5 Re5 36. Qf3 Re6 37. Rd3 Rf6 38. Qg2 Re6 39. R1d2 Kg7 40. Qf1 Kh7
41. Qd1 Kg7 42. Rd5 Qf6 43. Kg2 Kf8 44. Re2 Qe7 45. Qa1 Qf6 46. Qe1 Re5 47. Rd3
d5 48. f4 Qf5 49. Red2 Qe4+ 50. Kg1 Rh5 51. Qf2 d4 52. exd4 cxd4 53. Rxd4 Rxd4
54. Qxd4 Qxd4+ 55. Rxd4 Ra5 56. a4 Ke7 57. Kf2 Rh5 58. h4 Rc5 59. Ke3 h5 60. Rd5
Ke6 61. Kd4 Rxd5+ 62. cxd5+ Kd6 63. Kc4 a6 64. Kd4 b5 65. Ke4 f6 66. Kd4 b4 67.
Kc4 a5 68. Kd4 1-0

[Event "45th Rilton Cup 2015-16"]
[Site "Stockholm SWE"]
[Date "2016.01.01"]
[Round "5.22"]
[White "Nilsen, Joachim Birger"]
[Black "Lundin, Jan"]
[Result "1-0"]
[WhiteTitle "FM"]
[BlackTitle "FM"]
[WhiteElo "2382"]
[BlackElo "2230"]
[WhiteFideId "1506331"]
[BlackFideId "1706896"]
[EventDate "2015.12.27"]

1. Nf3 Nf6 2. c4 c6 3. g3 d5 4. b3 Bg4 5. Bg2 Nbd7 6. Bb2 e6 7. O-O Bd6 8. d3
Qe7 9. a3 O-O 10. Nbd2 a5 11. h3 Bh5 12. Qc2 h6 13. Rfe1 Bg6 14. e4 dxe4 15.
dxe4 Rfd8 16. Qc3 Bc5 17. e5 Ne8 18. Ne4 Bxe4 19. Rxe4 Nf8 20. Ne1 Qd7 21. Qf3
Ng6 22. Bc3 Ne7 23. g4 Ng6 24. Bf1 Qe7 25. Nc2 Nc7 26. Ree1 Qg5 27. Qg3 Bb6 28.
Re4 Rd7 29. Kh2 Rad8 30. Be2 Na6 31. b4 axb4 32. axb4 Rd2 33. Ne1 Bd4 34. Bxd4
R8xd4 35. Rxd4 Rxe2 36. Nf3 Qe3 37. Kg1 Qc3 38. Rd8+ Nf8 39. Rad1 Qxb4 40. Qh4
Nc7 41. Rc8 Kh7 42. Rdd8 Rxe5 43. Nxe5 Qe1+ 44. Kg2 Qe4+ 45. f3 1-0